000 00388nam a22001457a 4500
005 20250603160848.0
008 250603b |||||||| |||| 00| 0 eng d
020 _a9780802407061
050 _aBV 2073
_bPET
100 _aPETERS GEORGE W.
245 _aA BIBLIOCAL THEOLOGY OF MISSIONS
_cGEORGE W. PETERS
260 _aCHICAGO
_bMOODY PRESS
_cc1972
300 _a368p.;
942 _2lcc
_cBK
_n0
999 _c6228
_d6228